000
00324nam a22001337a 4500
008
171006b xxu||||| |||| 00| 0 eng d
020
_a
9781412918046
041
_a
eng
080
_a
159.9
100
_a
159.9
101
_a
PSI
245
_a
CASES GENDER AND DIVERSITY IN ORGANIZATIONS
_c
KONRAD,A,M
942
_2
udc
_c
BK
999
_c
32421
_d
32421